V Congreso iberoamericano de patología de las construcciones VII congreso de control de calidad: memorias-proceedings

Đã lưu trong:
Chi tiết về thư mục
Định dạng: Sách
Ngôn ngữ:Tiếng Tây Ban Nha
Được phát hành: Montevideo ASICONPAT 1999
Những chủ đề:
Các nhãn: Thêm thẻ
Không có thẻ, Là người đầu tiên thẻ bản ghi này!

MARC

LEADER 00000nam a2200000 a 4500
001 UCO8495
003 CL-VaPUC
005 20211103074328.0
008 001207e19990000uy 1 spa d
082 0 4 |a 690.21  |b CON  |2 21 
245 1 0 |a V Congreso iberoamericano de patología de las construcciones VII congreso de control de calidad: memorias-proceedings 
246 1 0 |a CONPAT 99 
260 |a Montevideo  |b ASICONPAT  |c 1999 
300 |a 3 v 
505 0 0 |a v.1: Materiales: patología y control de calidad 
505 0 0 |a v.2: Estructuras: patología y control de calidad. Instalaciones: patología y control de calidad. Patología en sistemas. Prefabricados industrializados. Patología en obras de ingeniería. Metodología para el análisis y diagnóstico de patologías 
505 0 0 |a v.3: Metodologías y técnicas de reparación y recuperación de obras históricas. Aspectos legales sobre responsabilidad técnica y constructiva. Acciones de los organismos financiadores y constructores de obras de arquitectura e ingeniería: normas y recomendaciones 
583 |a last modification  |c 20001207 00:00:00  |k Rodrigo Vera 
650 0 0 |a Construcción  |9 260195 
650 0 0 |a Control de calidad   |9 259714 
650 0 7 |a PATOLOGIAS - CONSTRUCCION  |2 CL-VaPUC  |9 619855 
650 0 7 |a TECNOLOGIA DE LA CONSTRUCCION  |2 CL-VaPUC  |9 260196 
650 0 0 |a Materiales de construcción  |9 260197 
650 0 7 |a CONSTRUCCIONES ANTISISMICAS  |2 CL-VaPUC  |9 619856 
942 |c BK 
945 |a cmena  |d 20001207 00:00:00 
546 |a En Español 
536 |a CIB 
536 |a Banco Hipotecario del Uruguay 
518 |p Congreso Iberoamericano de Patología de las Construcciones, 5, Montevideo, 16 al 21 de Octubre 1999 
518 |p Congreso de Control de Calidad, 7, Montevideo, 16 al 21 de Octubre de 1999 
999 |c 383624  |d 383622 
952 |0 0  |1 0  |4 0  |6 690_210000000000000_CON_1999  |7 0  |8 A  |9 505809  |a BIBING  |b BIBING  |d 2020-01-23  |h v.1  |i 3620425  |o 690.21 CON 1999  |p 3620425  |r 2025-01-20  |w 2020-01-23  |y BK  |k CCL 
952 |0 0  |1 0  |4 0  |6 690_210000000000000_CON_1999  |7 0  |8 A  |9 505810  |a BIBING  |b BIBING  |d 2020-01-23  |h v.2  |i 3620433  |o 690.21 CON 1999  |p 3620433  |r 2025-01-20  |w 2020-01-23  |y BK  |k CCL 
952 |0 0  |1 0  |4 0  |6 690_210000000000000_CON_1999  |7 0  |8 A  |9 505811  |a BIBING  |b BIBING  |d 2020-01-23  |h v.3  |i 3620441  |o 690.21 CON 1999  |p 3620441  |r 2025-01-20  |w 2020-01-23  |y BK  |k CCL